Detalles MARC
| 000 -LÍDER |
| Campo fijo de descripción fija |
012860000a22003010004500 |
| 001 - NÚMERO DE CONTROL |
| Campo de control |
20663 |
| 003 - IDENTIFICADOR DEL NÚMERO DE CONTROL |
| Campo de control |
CO-MdFUSB |
| 005 - FECHA Y HORA DE LA ULTIMA TRANSACCIÓN |
| control field |
20180622170018.0 |
| 008 - ELEMENTOS DE LONGITUD FIJA -- INFORMACIÓN GENERAL |
| Campo fijo de descripción fija -- Información general |
160919t2011 enkd|||g |||| 00| 0 eng d |
| 020 ## - NÚMERO INTERNACIONAL NORMALIZADO PARA LIBROS |
| Número Internacional Normalizado del libro |
978-0-567-01407-8 |
| 040 ## - FUENTE DE CATALOGACIÓN |
| Agencia de catalogación original |
CO-MdFUSB |
| Idioma de catalogación |
Español |
| Agencia que realiza la transcripción |
CO-MdFUSB |
| Agencia que realiza la modificación |
CO-MdFUSB |
| 041 ## - CÓDIGO DE IDIOMA |
| Código de idioma para texto/pista de sonido o título separado |
eng |
| 082 ## - NÚMERO DE CLASIFICACIÓN DECIMAL DEWEY |
| Número de la edición del Dewey |
24 |
| Número de clasificación |
262.1 |
| Clave de autor-Numero de item |
D255l |
| 100 1# - ASIENTO PRINCIPAL--NOMBRE PERSONAL |
| Nombre personal |
Davies, Mervyn |
| Término relacionador |
autor |
| 245 00 - TÍTULO |
| Título del Material |
Leadership in the church for a people of hope |
| Mención de responsabilidad, etc. |
/ Mervyn Davies, Graham Dodds |
| 264 ## - PRODUCCIÓN, PUBLICACIÓN, DISTRIBUCIÓN, MANUFACTURA, Y COPYRIGHT |
| Lugar de producción, publicación, distribución, manufactura |
London : |
| Nombre del productor, publicador, distribuidor |
T & T Clark, |
| Fecha de producción, publicación, distribución, manufactura, o copyright |
2011 |
| 300 ## - DESCRIPCIÓN FÍSICA |
| Extensión |
190 páginas |
| 336 ## - TIPO DE CONTENIDO |
| Fuente |
rdacontent |
| Término de tipo de contenido |
|
| Código de tipo de contenido |
|
| 337 ## - TIPO DE MEDIO |
| Fuente |
rdamedia |
| Nombre del tipo de medio |
|
| Código del tipo de medio |
|
| 338 ## - TIPO DE SOPORTE |
| Fuente |
rdacarrier |
| Nombre del tipo de soporte |
|
| Código Tipo de soporte |
|
| 500 ## - NOTA GENERAL |
| Nota General |
Incluye índice (p. 187-190) |
| 501 ## - NOTA DE “CON” |
| Nota de Contenido |
Rústico |
| 505 00 - NOTA DE CONTENIDO |
| Nota de contenido con formato preestablecido |
Iglesia y sociedad: El estado en que estamos - Eclesiología y misión - Haciendo crecer el pueblo de Dios - Papeles fundamentales en la iglesia - El liderazgo en cambio - Recordando a los laicos - Respirando juntos: Laicos y clérigos haciendo teología y misión - La teología de la educación de Newman y la iglesia como una comunidad de aprendizaje - Dios, el ministerio y el tiempo - Liderazgo de la resurrección |
| 653 ## - TÉRMINO DE INDIZACIÓN - NO CONTROLADO |
| Término no controlado |
Leadership -- Christian church |
| 653 ## - TÉRMINO DE INDIZACIÓN - NO CONTROLADO |
| Término no controlado |
Liderazgo -- iglesia cristiana |
| 942 ## - TIPO DE MATERIAL (KOHA) |
| Tipo de Item KOHA |
Libros General |